00737nam a22002417a 45000010005000000030009000050050017000140070005000310080032000360200015000680400022000830820015001051000026001202450101001462600032002473000028002799100008003079420012003159450028003279520105003559560020004609990015004800165DO-SdBNP20180222152335.00165151005b 1998 ck a 00| 0 spa d a9586770184 aBPMSUbspacBPMSU 4axxxxbxxxx1 aValderrama, Ana Maria10aGuía familiar de urgencias en el niño :bmanual de primeros auxilios /cAna Maria Valderrama aColombia :bZamora, c1998. a208 p. :bil. ;c28 cm. a202 2ddccBK aInventariado, 2018 / BT 00102ddc40708CI-GaBPMETbBPMETd2015-12-04eFUNDIl0pBPMSU15120036r2015-12-04w2015-12-04yBK aYngrid Lockward c9002d9002